000 00641nam a2200205Ia 4500
003 GCL
008 140319s9999 xx 000 0 ara d
020 _a00343977
040 _aGCL /
_cGCL
082 0 4 _a956.7
_bا م
100 1 _aابراهيم نافع
245 1 0 _aماذا بعد سقوط صدام ؟ /
_cابراهيم نافع
250 _aالاولى
260 _aالقاهرة :
_bمركز الاهرام للترجمة والنشر ،
_c2004
300 _a337 ص ؛
_c32 سم
650 0 4 _aالمقالات الصحفية
650 0 4 _aالعراق - تاريخ
650 0 4 _aبغداد - تاريخ
942 _2ddc
_cBK
999 _c6516
_d6516